00987nac a22002777a 4500001001000000003000900010005001700019008003400036040005400070072001800124110010500142245012000247260003700367300001100404490004200415500002700457650003000484650002900514650003000543650002600573650002100599650002100620650002700641650003100668650001000699BR7701154BR-BrBNA20240105114028.0230509b bl.|||m| |||| 00| 0 por d aBR-BrBNAbporcBiblioteca Nacional de Agricultura aE30; F00; L001 aEmpresa Brasileira de Pesquisa Agropecuaria, Salvador, BA (Brasil). Representacao no Estado da Bahia1 aProjeto de desenvolvimento rural integrado dos Sertoes dos Inhamuns e Salgado, v. 1: Diagnostico, v. 2: Programacao3 aFortaleza, CE (Brasil): c1976.  av. 1-2 aPublicacao CEPA-CE (Brazil)vno. 19x a222 tables; 16 graphs; aDESENVOLVIMENTO ECONOMICO aDESENVOLVIMENTO AGRICOLA aDESENVOLVIMENTO COMERCIAL aDESENVOLVIMENTO RURAL aPROJETO AGRICOLA aPROJETO PECUARIO aDESENVOLVIMENTO SOCIAL aPROJETO DE DESENVOLVIMENTO aCEARA